01636nam a22002177a 450000500170000000800410001702000180005804000070007604100080008308200220009110000190011324500380013226000440017030000270021436500590024152010350030065000220133565000280135765000120138570000210139720240801101825.0240729b ||||| |||| 00| 0 eng d a9788119153763 cAL aeng 223a658.314bMAXT aJohn C Maxwell aThree things Successful People Do aAhmedabadcJaico Publishing Houseb2024 avi,213p.bPBc18x13cm. 2Psychologya2488b280.00c₹d350.00e20%f17-07-2024 aYou have the potential to become a success today—once you know what success truly is and the simple secrets needed to discover it. Achieving success in life isn’t complicated. It doesn’t require memorizing a complex formula, sleeping only three hours every night, or standing on your head each morning. What it does take is homing in on a few indispensable keys. To find the success you desire in your life, you must know your purpose, grow to your maximum potential, and sow seeds that benefit others. Purpose, growth, and generosity—it’s really that simple. In 3 Things Successful People Do, legendary success mentor John C. Maxwell unfolds these three critical components in rich detail, seasoning each principle with real-life success stories and relevant examples. Along the way he reminds us that success is for everyone, not just for the lucky or privileged. It’s for homemakers and businesspeople, students, soon-to-be retirees, athletes, church pastors, factory workers, and entrepreneurs. And it’s for you. aMaximum Potential aFiction and non ficton  aPurpose aMAXWELL (John C)